Enhancing women's participation : Learning from field experience

This book is intended to help enhance the participation of women in KDP and other community driven development programs. It describes the experiences of village facilitators (FDs) and kecamata facilitators (FKs) is an effort to overcome the low level of women's participation in the Kecamatan De...

Täydet tiedot

Tallennettuna:
Bibliografiset tiedot
Yhteisötekijä: The World Bank
Aineistotyyppi: Kirja
Kieli:Undetermined
Julkaistu: Jakarta 12240 PT Duta Esa Astuti 2003
Aiheet:
Tagit: Lisää tagi
Ei tageja, Lisää ensimmäinen tagi!
Thư viện lưu trữ: Trung tâm Học liệu Trường Đại học Cần Thơ
LEADER 00962nam a2200217Ia 4500
001 CTU_136385
008 210402s9999 xx 000 0 und d
082 |a 353.535 
082 |b W927 
110 |a The World Bank 
245 0 |a Enhancing women's participation : 
245 0 |b Learning from field experience 
245 4 |c The World Bank. Scott E. Guggenheim [et al.] 
260 |a Jakarta 12240 
260 |b PT Duta Esa Astuti 
260 |c 2003 
520 |a This book is intended to help enhance the participation of women in KDP and other community driven development programs. It describes the experiences of village facilitators (FDs) and kecamata facilitators (FKs) is an effort to overcome the low level of women's participation in the Kecamatan Development program (KDP) 
650 |a Phụ nữ,Women 
650 |x Ý kiến công luận,Public opinion 
904 |i Trong Hieu 
980 |a Trung tâm Học liệu Trường Đại học Cần Thơ